00473cam a2200169 a 4500020002500000020001500025082001200040245004100052250001300093260006400106300004200170650001400212650001400226650001400240700003100254700001800285 a9789829117014 (pbk.) a9829117014 a666 SOT00aChemistry serves the South Pacific / aRev. ed. aSuva, Fiji :bChemical Society of the South Pacific,c2008. av, 212 p. :bill. (some col.), maps ; 0aChemistry 0aChemistry 0aChemistry1 aSotheeswaran, Subramaniam.1 aBonato, J. A.